000 00342nam a2200145Ia 4500
008 230718s9999 xx 000 0 und d
041 _aEng.
082 _a394.73
_bUNI-J
100 _aUniversity of Oregon
245 0 _aJousnal of envirmaentl
260 _aPakistan
_bAsia Law House
_c2013
300 _a150
650 _aLaw
999 _c29971
_d29971